Methods in psychobiology :Specialized Laboratory techniques in neuropsychology and neurobiology / (Record no. 29158)
[ view plain ]
| 000 -LEADER | |
|---|---|
| fixed length control field | 01038cam a2200265 4500 |
| 001 - CONTROL NUMBER | |
| control field | 29158 |
| 003 - CONTROL NUMBER IDENTIFIER | |
| rucl marc code | BD-RjUL |
| 005 - DATE AND TIME OF LATEST TRANSACTION | |
| control field | 20211209051359.0 |
| 008 - FIXED-LENGTH DATA ELEMENTS--GENERAL INFORMATION | |
| fixed length control field | 140401s1972 enka b 001 0 eng d |
| 020 ## - INTERNATIONAL STANDARD BOOK NUMBER | |
| International Standard Book Number | 0125123027 |
| 035 ## - SYSTEM CONTROL NUMBER | |
| System control number | (BD-RjUL) 29243 |
| 040 ## - CATALOGING SOURCE | |
| Original cataloging agency | DLC |
| Transcribing agency | DLC |
| Modifying agency | BD-RjUL |
| Language of cataloging | eng |
| 041 ## - LANGUAGE CODE | |
| Language code of text/sound track or separate title | eng |
| 082 00 - DEWEY DECIMAL CLASSIFICATION NUMBER | |
| Classification number | 591.188 |
| Author mark and year | MET 1972 |
| 245 00 - TITLE STATEMENT | |
| Title | Methods in psychobiology :Specialized Laboratory techniques in neuropsychology and neurobiology / |
| Statement of responsibility, etc. | edited by R. D. Myers. |
| Number of part/section of a work | Volume 2 |
| 260 ## - PUBLICATION, DISTRIBUTION, ETC. (IMPRINT) | |
| Place of publication, distribution, etc. | London ; |
| -- | New York : |
| Name of publisher, distributor, etc. | Academic Press, |
| Date of publication, distribution, etc. | 1972. |
| 300 ## - PHYSICAL DESCRIPTION | |
| Pagination | xii, 398 p. : |
| Illustrations | ill..; |
| Size | 24 cm. |
| 504 ## - BIBLIOGRAPHY, ETC. NOTE | |
| Bibliography, etc | Includes bibliographies and index. |
| 505 1# - FORMATTED CONTENTS NOTE | |
| Formatted contents note | v. 1. Laboratory techniques in neuropsychology and neurobiology.--v. 2. Specialized laboratory techniques in neuropsychology and neurobiology.--v. 3 Advanced laboratory techniques in neuropsychology and neurobiology. |
| 650 #0 - SUBJECT ADDED ENTRY--TOPICAL TERM | |
| Topical term or geographic name as entry element | Psychobiology |
| General subdivision | Technique. |
| 9 (RLIN) | 88236 |
| 700 1# - ADDED ENTRY--PERSONAL NAME | |
| Personal name | Myers, R. D., |
| Relator term | ed. |
| 942 ## - ADDED ENTRY ELEMENTS (KOHA) | |
| Source of classification or shelving scheme | Dewey Decimal Classification |
| Koha item type | Books |
| Lost status | Source of classification or shelving scheme | Damaged status | Not for loan | Collection code | Permanent Location | Current Location | Shelving location | Date acquired | Source of acquisition | Cost, normal purchase price | Total Checkouts | Full call number | Date last seen | Copy number | Koha item type |
|---|---|---|---|---|---|---|---|---|---|---|---|---|---|---|---|
| Dewey Decimal Classification | Added to bundle | Non-fiction | Central Library, University of Rajshahi | Central Library, University of Rajshahi | Reading Room | 22/12/1981 | Heffers | 15.80 | 591.188 V-2 MET 1972 | 02/04/2014 | C-1 | Books |